000 00685nam a2200253Ia 4500
003 OSt
005 20220924115905.0
006 a|||||r|||| 00| 0
007 ta
008 220923b |||||||| |||| 00| 0 urd d
020 _c10
024 _a323469
037 _cTextual
040 _aARTS
_cARTS
_burd
041 _2urd
_aurd
082 _aY:4(MV48).5, 168H2
100 _aDehlavi Mohammad Ashraf Ed.
_9179995
245 0 _aHawai hamle
260 _aDelhi
_bHali publishing house India
_c1942
300 _a115p.
_ccm.
650 _aSOCIOLOGY
942 _hY:4(MV48).5, 168H2
_cTEXL
_2CC
999 _c400327
_d400327